000 00441nmm a2200145Ia 4500
008 251105s9999||||xx |||||||||||||||||und||
041 _aspa
100 _aSánchez Romero, Alejandro
245 0 _aPoesía Noir
264 _a[Madrid, España] :
_bEdiciones Áltera,
_c[Fecha de publicación no identificada]
300 _a77 páginas
650 _aSpanish poetry
856 _uhttps://public.digitaliapublishing.com/a/84291
942 _cCF
999 _c103922
_d103922